LIBRARY & INFORMATION CENTRE, KCAET, TAVANUR

ONLINE PUBLIC ACCESS CATALOGUE (OPAC)

Parinamam / (Record no. 6144)

MARC details
000 -LEADER
fixed length control field 00444cam a2200181ua 4500
041 ## - LANGUAGE CODE
Language code of text/sound track or separate title mal
082 ## - DEWEY DECIMAL CLASSIFICATION NUMBER
Classification number 575
Item number MAN/PA
100 ## - MAIN ENTRY--AUTHOR NAME
Personal name Jos K , Mangal .
245 ## - TITLE STATEMENT
Title Parinamam /
260 ## - PUBLICATION, DISTRIBUTION, ETC. (IMPRINT)
Place of publication Thiruvananthapuram :
Name of publisher State Instititute of Languages ,
Year of publication 1907.
300 ## - PHYSICAL DESCRIPTION
Number of Pages 513 ; .
942 ## - ADDED ENTRY ELEMENTS (KOHA)
Koha item type Books
Holdings
Withdrawn status Lost status Damaged status Home library Current library Date acquired Full call number Accession Number Koha item type
      KAUAET KAUAET 07/04/2012 575 13701 Books
      KAUAET KAUAET 07/04/2012 575 13041 Books
Withdrawn     KAUAET KAUAET 16/11/2023 575 MAN/PA 13702 Books
free website counter